Statistics for UEFA All-Time Ranking - Top 30 Teams

Click here to take the quiz!

General Stats

  • This quiz has been taken 145 times
  • The average score is 19 of 30

Answer Stats

#Team% Correct
1Real Madrid
100%
3Barcelona
98%
4Manchester United
98%
2Bayern
95%
6AC Milan
94%
7Liverpool
94%
15Inter Milan
93%
12Arsenal
92%
14Chelsea
92%
25Paris Saint-Germain
91%
5Juventus
87%
18Borussia Dortmund
86%
10Ajax
83%
9Porto
79%
17Atletico Madrid
78%
8Benfica
65%
20Olympique Lyon
63%
26Valencia
61%
19PSV
57%
13Celtic
54%
22Rangers
47%
24Galatasaray
38%
21Red Star Belgrade
38%
23Olympiacos
29%
16Anderlecht
26%
28Steaua Bucharest
26%
11Dynamo Kyev
24%
29Panathinaikos
21%
27Rosenborg
6%
30Dinamo Zagreb
5%

Score Distribution

Percentile by Number Answered

Percent of People with Each Score

Your Score History

You have not taken this quiz